书目信息 |
| 题名: |
我热爱新北京
|
|
| 作者: | 老舍 著 | |
| 分册: | ||
| 出版信息: | 北京 北京出版社 1979 |
|
| 页数: | 192页 | |
| 开本: | 20cm | |
| 丛书名: | ||
| 单 册: | ||
| 中图分类: | I267 , I04 | |
| 科图分类: | ||
| 主题词: | 杂文--中国--现代--选集 , 文学创作--写作学 , 文学创作--创作方法 | |
| 电子资源: | ||
| ISBN: | ||
| 000 | 00654nam0 2200253 450 | |
| 001 | 1560524856 | |
| 005 | 20150127164907.71 | |
| 010 | @dCNY0.51 | |
| 091 | @a10071.239 | |
| 100 | @a19950720d1979 em y0chiy0110 ea | |
| 101 | 0 | @achi |
| 102 | @aCN@b110000 | |
| 105 | @ay z 000zy | |
| 200 | 1 | @a我热爱新北京@9wo re ai xin bei jing@f老舍著 |
| 210 | @a北京@c北京出版社@d1979 | |
| 215 | @a192页@d20cm | |
| 606 | 0 | @a杂文@y中国@z现代@x选集 |
| 606 | 0 | @a文学创作@x写作学 |
| 606 | 0 | @a文学创作@x创作方法 |
| 690 | @aI267@v5 | |
| 690 | @aI04@v4 | |
| 701 | 0 | @a老舍@9lao she@f(1899~1966)@4著 |
| 801 | 0 | @aCN@bTSSF@c20150127 |
| 905 | @aZUCC@dI04@eJY48 | |
| 我热爱新北京/老舍著.-北京:北京出版社,1979 |
| 192页;20cm |
| ISBN :CNY0.51 |
| ● |
| 相关链接 |
|
|
|
|
正题名:我热爱新北京
索取号:I04/JY48
 
预约/预借
| 序号 | 登录号 | 条形码 | 馆藏地/架位号 | 状态 | 备注 |
| 1 | 7839075 | 278390750 | 学院路分馆/ [索取号:I04/JY48] | 在馆 |